Skip to main content
Your cart is empty.
Your lists
Log in to create your own lists
Your cookies
العربية
English
العربية
Home
Search
Advanced search
Authority search
About
The noble scholar, jurist, historian
His Excellency Dr. Abdul Wahhab bin Ibrahim Abu Sulaiman, may Allah have mercy on him.
He was born in Umm Al-Qura in the year 1356 AH.
Library catalog
Title
Author
Subject
ISBN
ISSN
Series
Call number
Log in to your account
×
Login:
Password:
Home
MARC view: التحرير في نظائر الفقه على مذهب الإمام مالك بن أنس رضي الله عنه /
Normal view
MARC view
ISBD view
التحرير في نظائر الفقه على مذهب الإمام مالك بن أنس رضي الله عنه / (Record no. 4166)
[
view plain
]
MARC details
000 -LEADER
fixed length control field
02646cam a22002891i 4500
003 - CONTROL NUMBER IDENTIFIER
control field
SA_RiAUC
005 - DATE AND TIME OF LATEST TRANSACTION
control field
20241231084642.0
008 - FIXED-LENGTH DATA ELEMENTS--GENERAL INFORMATION
fixed length control field
241230s2014____jo g 000 0dara c
040 ## - CATALOGING SOURCE
Original cataloging agency
SA-JeALM
Language of cataloging
ara
Transcribing agency
SA-RiAUC
Modifying agency
KAC
Description conventions
rda
082 04 - DEWEY DECIMAL CLASSIFICATION NUMBER
Classification number
258.2
Assigning agency
SA-RiAUC
090 ## - LOCALLY ASSIGNED LC-TYPE CALL NUMBER (OCLC); LOCAL CALL NUMBER (RLIN)
Classification number (OCLC) (R) ; Classification number, CALL (RLIN) (NR)
258.2
Local cutter number (OCLC) ; Book number/undivided call number, CALL (RLIN)
ح ر ب
100 1# - MAIN ENTRY--PERSONAL NAME
Personal name
الحربي، إبراهيم بن إسحاق بن بشير،
Dates associated with a name
198-285 هجري
Relator term
مؤلف.
245 12 - TITLE STATEMENT
Title
التحرير في نظائر الفقه على مذهب الإمام مالك بن أنس رضي الله عنه /
Statement of responsibility, etc.
تأليف أبي إسحاق إبراهيم بن بشير ؛ اعتنى به جلال الجهاني.
250 ## - EDITION STATEMENT
Edition statement
الطبعة الأولى.
264 #1 - PRODUCTION, PUBLICATION, DISTRIBUTION, MANUFACTURE, AND COPYRIGHT NOTICE
Place of production, publication, distribution, manufacture
عمان، الأردن :
Name of producer, publisher, distributor, manufacturer
دار النور المبين للنشر والتوزيع،
Date of production, publication, distribution, manufacture, or copyright notice
2014
300 ## - PHYSICAL DESCRIPTION
Extent
183 صفحة ؛
Dimensions
24 × 17 سم
336 ## - CONTENT TYPE
Content type term
نص
Content type code
txt
Source
rdacontent
Materials specified
كتاب
337 ## - MEDIA TYPE
Media type term
بدون وسيط
Media type code
n
Source
rdamedia
338 ## - CARRIER TYPE
Carrier type term
مجلد
Carrier type code
nc
Source
rdacarrier
504 ## - BIBLIOGRAPHY, ETC. NOTE
Bibliography, etc. note
يشتمل على إرجاعات ببليوجرافية.
520 ## - SUMMARY, ETC.
Summary, etc.
"كتاب التحرير في نظائر الفقه على مذهب الإمام مالك بن أنس" من تأليف أبي إسحاق إبراهيم بن بشير، هو مرجع فقهي مهم يركز على تناول المسائل المتشابهة أو المتناظرة في المذهب المالكي. يهدف الكتاب إلى تنظيم وفهم هذه المسائل عبر تجميع النظائر الفقهية – أي المسائل التي تشترك في العلة والحكم الشرعي – ضمن أبواب محددة، مما يسهل على الفقيه أو طالب العلم الوصول إلى أحكام متشابهة في قضايا مختلفة. يتميز الكتاب بمنهجه التحليلي، حيث يقدم شروحا لكل مسألة في إطار مقارن ضمن مذهب الإمام مالك، كما يعرض القواعد والأسس التي بنيت عليها الأحكام. ويشمل الكتاب مسائل من مختلف أبواب الفقه، مثل العبادات، والمعاملات، والأحوال الشخصية، والجنايات، مما يجعله مصدرا شاملا ومفيدا لفهم تعقيدات المذهب المالكي وتفسيره للقضايا الفقهية المتنوعة.
600 17 - SUBJECT ADDED ENTRY--PERSONAL NAME
Personal name
الإمام مالك، مالك بن أنس بن مالك،
Dates associated with a name
93-179 هجري
General subdivision
دين
Source of heading or term
aucnm
650 #7 - SUBJECT ADDED ENTRY--TOPICAL TERM
Topical term or geographic name entry element
الفقه المالكي
Source of heading or term
aucsh
700 1# - ADDED ENTRY--PERSONAL NAME
Personal name
الجهاني، جلال علي القذافي
Relator term
محقق.
942 ## - ADDED ENTRY ELEMENTS (KOHA)
Source of classification or shelving scheme
Dewey Decimal Classification
Koha item type
Books
Suppress in OPAC
No
949 ## - LOCAL PROCESSING INFORMATION (OCLC)
a
SA-JeALM
d
241230
u
osman123
n
1
Holdings
Withdrawn status
Lost status
Source of classification or shelving scheme
Damaged status
Not for loan
Home library
Current library
Date acquired
Total checkouts
Full call number
Barcode
Date last seen
Price effective from
Koha item type
Dewey Decimal Classification
DR AbdElwahab Library
DR AbdElwahab Library
12/31/2024
258.2 ح ر ب
000006584
12/31/2024
12/31/2024
Books
Place hold
Print
Add to your cart
(remove)
Save record
BIBTEX
Dublin Core
MARCXML
MARC (non-Unicode/MARC-8)
MARC (Unicode/UTF-8)
MARC (Unicode/UTF-8, Standard)
MODS (XML)
RIS
ISBD
More searches
Search for this title in:
Other Libraries (WorldCat)
Other Databases (Google Scholar)
Online Stores (Bookfinder.com)
Open Library (openlibrary.org)
Exporting to Dublin Core...
×
Simple DC-RDF
OAI-DC
SRW-DC